Help! I'm trapped in a professional wrestler's body / (Record no. 858)

MARC details
000 -LEADER
fixed length control field 01233nam a22003017a 4500
005 - DATE AND TIME OF LATEST TRANSACTION
control field 20230804162357.0
020 ## - INTERNATIONAL STANDARD BOOK NUMBER
International Standard Book Number 0439147735 (pbk.) :
040 ## - CATALOGING SOURCE
Original cataloging agency JED
Transcribing agency JED
Modifying agency DLC
Language of cataloging eng
050 00 - LIBRARY OF CONGRESS CALL NUMBER
Classification number PZ7.S899
082 ## - DEWEY DECIMAL CLASSIFICATION NUMBER
Classification number 429
100 1# - MAIN ENTRY--PERSONAL NAME
Personal name Strasser, Todd
245 10 - TITLE STATEMENT
Title Help! I'm trapped in a professional wrestler's body /
Statement of responsibility, etc. Tod Strasser
246 3# - VARYING FORM OF TITLE
Title proper/short title Help! I am trapped in a professional wrestler's body
250 ## - EDITION STATEMENT
Edition statement First Scholastic printing, February 2000.
260 ## - PUBLICATION, DISTRIBUTION, ETC.
Place of publication, distribution, etc. New York :
Name of publisher, distributor, etc. Scholastic,
Date of publication, distribution, etc. 2000.
300 ## - PHYSICAL DESCRIPTION
Extent 124 pages ;
Dimensions 20 cm
500 ## - GENERAL NOTE
General note "An Apple Paperback."
505 ## - FORMATTED CONTENTS NOTE
Formatted contents note P <br/>
520 ## - SUMMARY, ETC.
Summary, etc. After they switched bodies with the lunch ladies, Jake and Andy swore they wouldn't use Mr. Dirksen's body-switching machine again, but Jake really wants to know what its like to be a professional wrestler. At Wrestle Insanity, Andy gets turned into Bruce "Brainiac" Bloom and Jake must switch bodies with Nick "No Nerve" Nelson in order to save him.
521 0# - TARGET AUDIENCE NOTE
Target audience note 610
Source Lexile <br/>
521 1# - TARGET AUDIENCE NOTE
Target audience note P <br/>
Source Raz-Plus <br/>
650 ## - SUBJECT ADDED ENTRY--TOPICAL TERM
Topical term or geographic name entry element wrestling
655 #7 - INDEX TERM--GENRE/FORM
Genre/form data or focus term Young adult fiction.
Source of term lcsh
906 ## - LOCAL DATA ELEMENT F, LDF (RLIN)
a 7
b cbc
c copycat
d 2
e ncip
f 20
g y-genrareb
942 ## - ADDED ENTRY ELEMENTS (KOHA)
Source of classification or shelving scheme Dewey Decimal Classification
Koha item type Books
Suppress in OPAC No
999 ## -
-- 858
-- 858
Holdings
Withdrawn status Lost status Source of classification or shelving scheme Damaged status Not for loan Collection Home library Current library Shelving location Date acquired Total Checkouts Full call number Barcode Date last seen Price effective from Koha item type
    Dewey Decimal Classification     Juvenile Fiction Footprints International School Library Network Toul Kork Campus Footprints International School Library Network Toul Kork Campus TK Primary Library Room(4th Floor), Bookcase 3&4, Shelves 17-32, Yellow Books 07/12/2023   STR 429 PZ7.S899 FISTK00373 07/12/2023 07/12/2023 Books